National Parks And Wildlife Sanctures In Maharashtra (Record no. 590855)

MARC details
000 -LEADER
fixed length control field 00471nam a2200145Ia 4500
008 - FIXED-LENGTH DATA ELEMENTS--GENERAL INFORMATION
fixed length control field 100415s9999 xx 000 0 und d
082 ## - DEWEY DECIMAL CLASSIFICATION NUMBER
Item number 7904
100 ## - MAIN ENTRY--PERSONAL NAME
Personal name Maharashtra Forest Dept
245 ## - TITLE STATEMENT
Title National Parks And Wildlife Sanctures In Maharashtra
260 ## - PUBLICATION, DISTRIBUTION, ETC. (IMPRINT)
Place of publication, distribution, etc BOMBAY
Date of publication, distribution, etc 1971
Name of publisher, distributor, etc Maharashtra Forest Dept
365 ## - TRADE PRICE
Price amount 0
630 ## - SUBJECT ADDED ENTRY--UNIFORM TITLE
Uniform title National Parks And Wildlife Sanctures In Maharashtra
730 ## - ADDED ENTRY--UNIFORM TITLE
Uniform title National Parks And Wildlife Sanctures In Maharashtra
942 ## - ADDED ENTRY ELEMENTS (KOHA)
Koha item type Book
Holdings
Withdrawn status Lost status Damaged status Not for loan Home library Current library Date acquired Cost, normal purchase price Total Checkouts Full call number Barcode Date last seen Price effective from Koha item type
        Bombay Natural History Society Bombay Natural History Society 01/05/1973 0.00   7904 BNHS-7904 04/15/2010 04/15/2010 Book